| 000 | 00710nam a2200217Ia 4500 | ||
|---|---|---|---|
| 003 | IN-BaIIA | ||
| 005 | 20250707105115.0 | ||
| 008 | 211028s9999 xx 000 0 eng d | ||
| 040 | _cIIA Library | ||
| 080 |
_a629.19 (047.1) _bPAA-16 |
||
| 245 | 0 |
_aSpace power systems engineering _cGeorge C. Szego and Taylor J. Edward |
|
| 260 |
_aNew York _bAcademic Press _c1966 |
||
| 300 | _axix,1301p. | ||
| 490 |
_aProgress in astronautics and aeronautics _v16 |
||
| 650 | _aNASA Thesaurus | ||
| 650 |
_aSpace Engineeroing _94829 |
||
| 650 |
_aSpace Power _94830 |
||
| 700 |
_aEdward, Taylor J., ed. _94831 |
||
| 700 |
_aSzego, George C., ed. _94832 |
||
| 942 |
_cBK _2ddc |
||
| 999 |
_c2699 _d2699 |
||